Momentka flautové duo

Bibliographic Details
Main Author: Jenča, Ján (Composer)
Format: Musical Score Book
Language:Slovak
PhysicalDescription:1 partitúra (4 s.) 30 cm
Published: Banská Bystrica Róbert Tatár - PRESTO 2007
Subjects:

MARC

LEADER 00000ccm a2200000 a 4500
001 vtls010283314
003 SK-MaSNL
005 20260331205417.0
007 qu
008 110603s2007 xo zzgeg u slo
024 2 |a 9790685010180 (brož.) 
040 |a SNK  |b slo  |c SNK  |e AACR2 
041 0 |a slo 
044 |a xo  |c SK 
048 |a wa01 
072 7 |a 788  |x Hudba pre dychové nástroje  |2 konspekt 
080 |a 788.5:785.72  |2 2001 
080 |a 788.5.083  |2 2001 
080 |a 78.089.6  |2 2001 
084 |a 1.1.2  |2 snlmc 
100 1 |a Jenča, Ján  |4 cmp  |9 295085 
245 1 0 |a Momentka  |h hudobnina  |b flautové duo  |c Ján Jenča ; [noty písal Róbert Tatár] 
254 |a Partitúra 
260 |a Banská Bystrica  |b Róbert Tatár - PRESTO  |c 2007 
300 |a 1 partitúra (4 s.)  |c 30 cm 
382 |a flauta (2) 
650 0 7 |a duá (flauta (2))  |2 SNKPH  |9 110675 
650 0 7 |a Duets (flute (2))  |2 SNKPHeng  |9 652724 
650 0 7 |a drobné skladby (flauta (2))  |2 SNKPH  |9 652725 
650 0 7 |a Small music pieces (flute (2))  |2 SNKPHeng  |9 652726 
655 7 |a partitúry  |2 SNKPH  |9 70123 
655 7 |a Scores  |2 SNKPHeng  |9 285331 
700 1 |a Tatár, Róbert,  |d 1947-  |4 oth  |9 108481 
852 |a Štátna vedecká knižnica v Banskej Bystrici 
919 |a 979-0-68501-018-0 
999 |c 1007391  |d 1009321 
952 |a SNK  |b SNK  |y PREZ  |7 0  |p 17A1061026  |o snkHSB 4504  |i snk2013/2573  |8 1  |0 0  |1 0  |4 0  |d 2013-02-04  |l 0  |r 2026-02-24 12:40:33  |w 2026-02-24 
952 |a SNK  |b SNK  |y VYP  |7 0  |p 17A1061027  |o snkHSB 4504 D1  |i snk2013/2574  |8 1  |0 0  |1 0  |4 0  |d 2013-02-04  |l 0  |r 2026-02-24 12:40:33  |w 2026-02-24